[Event "Airthings Masters - Torneo Preliminare"]
[Site "Internet"]
[Date "03.02.2023"]
[Round "4"]
[White "Salem, A.R. Saleh"]
[Black "Kramnik, Vladimir"]
[Result "0-1"]
[WhiteTitle ""]
[BlackTitle ""]
[WhiteElo "2677"]
[BlackElo "2753"]
[WhiteFideId "9301348"]
[BlackFideId "4101588"]
[EventDate "2023.02.03"]

1. d4 Nf6 2. c4 e6 3. Nc3 Bb4 4. a3 Bxc3+ 5. bxc3 c5 6. f3 d5 7. cxd5 exd5 8. e3
Qc7 9. Bd3 Nc6 10. Ne2 O-O 11. O-O Re8 12. g4 h6 13. Ra2 Na5 14. Ng3 cxd4 15.
cxd4 Nc4 16. Re2 b5 17. Qe1 a5 18. h4 Ra6 19. g5 Bh3 20. gxf6 Bxf1 21. Kxf1 Rxf6
22. Kg2 Rc6 23. f4 Qe7 24. Nf5 Qf6 25. Kh2 Re4 26. Bxe4 dxe4 27. d5 Rc5 28. Ng3
Qxh4+ 29. Kg1 Rxd5 30. Nxe4 Qg4+ 31. Ng3 Qd7 32. Qf2 b4 33. axb4 axb4 34. Rc2
Rd1+ 35. Kh2 Nd6 36. Bb2 Nf5 37. Nxf5 Qxf5 38. Qg2 Qh5+ 39. Qh3 Rh1+ 0-1

[Event "Airthings Masters - Torneo Preliminare"]
[Site "Internet"]
[Date "03.02.2023"]
[Round "4"]
[White "Grover, Sahaj"]
[Black "Praggnanandhaa, R"]
[Result "0-1"]
[WhiteTitle ""]
[BlackTitle ""]
[WhiteElo "2509"]
[BlackElo "2690"]
[WhiteFideId "5021103"]
[BlackFideId "25059530"]
[EventDate "2023.02.03"]

1. d4 Nf6 2. Bf4 g6 3. Nf3 Bg7 4. e3 O-O 5. Be2 d6 6. h3 Nc6 7. O-O Qe8 8. Nc3
e5 9. dxe5 Nxe5 10. Nxe5 dxe5 11. Bg5 Bf5 12. Bxf6 Bxf6 13. Bg4 Rd8 14. Qe2 Bxg4
15. hxg4 e4 16. Rfd1 Bxc3 17. bxc3 Qc6 18. c4 Qc5 19. Rab1 b6 20. Rxd8 Rxd8 21.
Rb5 Qa3 22. Rd5 Rxd5 23. cxd5 Qxa2 24. Qd1 h6 25. Kh2 Qc4 26. Qa1 Qxd5 27. Qxa7
Qd6+ 28. Kh3 Qc6 29. Qa2 Qe6 30. Qa8+ Kg7 31. Qd8 c5 32. Kg3 Qe5+ 33. Kh3 b5 34.
Qd2 b4 35. f4 Qb2 36. Qd5 Qxc2 37. Qe5+ Kh7 38. Qd5 Kg8 39. g5 hxg5 40. f5 Qf2
41. fxg6 Qh4# 0-1

[Event "Airthings Masters - Torneo Preliminare"]
[Site "Internet"]
[Date "03.02.2023"]
[Round "4"]
[White "Raja, Harshit"]
[Black "Antipov, Mikhail Al."]
[Result "0-1"]
[WhiteTitle ""]
[BlackTitle ""]
[WhiteElo "2465"]
[BlackElo "2581"]
[WhiteFideId "5089000"]
[BlackFideId "4107012"]
[EventDate "2023.02.03"]

1. e4 e5 2. Nf3 Nc6 3. Bb5 Nge7 4. Nc3 Ng6 5. d4 exd4 6. Nxd4 Nxd4 7. Qxd4 c6 8.
Be2 Qb6 9. Qd1 Be7 10. O-O O-O 11. Rb1 d6 12. Be3 Qc7 13. Bg4 Bxg4 14. Qxg4 Bf6
15. Ne2 Ne5 16. Qg3 Rfe8 17. b3 Ng6 18. Rbd1 Rad8 19. Bd4 Rxe4 20. Bxf6 gxf6 21.
Nd4 Qd7 22. Qf3 Rf4 23. Qc3 Re8 24. Rd3 d5 25. g3 Rfe4 26. Rf3 Qh3 27. Nf5 R8e5
28. Nh4 Rg4 29. Nxg6 hxg6 30. Re1 d4 31. Qd2 Rh4 32. Rxe5 fxe5 33. gxh4 Qxf3 34.
Qg5 Qd1+ 35. Kg2 Qxc2 36. Qxe5 Qxa2 37. h5 Qxb3 38. Qe8+ Kg7 39. hxg6 Qd5+ 40.
f3 Qg5+ 41. Kf2 Qe3+ 0-1

[Event "Airthings Masters - Torneo Preliminare"]
[Site "Internet"]
[Date "03.02.2023"]
[Round "4"]
[White "Shimanov, Aleksandr"]
[Black "Timofeev, Artyom"]
[Result "1/2-1/2"]
[WhiteTitle ""]
[BlackTitle ""]
[WhiteElo "2581"]
[BlackElo "2567"]
[WhiteFideId "4198603"]
[BlackFideId "4140419"]
[EventDate "2023.02.03"]

1. e4 c5 2. Nf3 Nc6 3. Nc3 g6 4. d4 cxd4 5. Nxd4 Bg7 6. Nxc6 dxc6 7. Qxd8+ Kxd8
8. Bc4 Ke8 9. a4 f5 10. Bd2 fxe4 11. Nxe4 Bxb2 12. Rb1 Bd4 13. c3 Bb6 14. O-O
Bf5 15. Rfe1 Bxe4 16. Rxe4 Nf6 17. Re2 Rd8 18. Bg5 Rd6 19. Rbe1 Bd8 20. Bf4 Rd7
21. Be6 Rd3 22. Bh6 Rxc3 23. Bg7 Rf8 24. Bxf8 Kxf8 25. g3 b5 26. Rb1 a6 27. Ra2
Bb6 28. Bc8 Nd5 29. Bxa6 b4 30. a5 Ba7 31. Bb7 e5 32. Re2 Bd4 33. a6 Ra3 34. Rc2
b3 35. Rxc6 Nc3 36. Rc8+ Kg7 37. Rc7+ Kh6 38. Rxc3 Bxc3 39. a7 Rxa7 40. Rxb3 Bd4
41. Bd5 Kg7 42. Rf3 Rd7 43. Be4 Rf7 44. Rxf7+ Kxf7 1/2-1/2

[Event "Airthings Masters - Torneo Preliminare"]
[Site "Internet"]
[Date "03.02.2023"]
[Round "4"]
[White "Xu, Xiangyu"]
[Black "Jobava, Baadur"]
[Result "1-0"]
[WhiteTitle ""]
[BlackTitle ""]
[WhiteElo "2578"]
[BlackElo "2578"]
[WhiteFideId "8608288"]
[BlackFideId "13601520"]
[EventDate "2023.02.03"]

1. d4 d5 2. Nf3 Nf6 3. Bf4 c5 4. e3 cxd4 5. exd4 Nc6 6. c3 Bf5 7. Qb3 Qb6 8. Na3
Qxb3 9. axb3 Nh5 10. Be3 a6 11. Be2 Nf6 12. Ne5 Nxe5 13. dxe5 Nd7 14. Nb5 Rc8
15. Nd4 Be4 16. e6 Nc5 17. exf7+ Kxf7 18. b4 Nd3+ 19. Bxd3 Bxd3 20. Nf3 Bb5 21.
Kd2 e6 22. Ng5+ Kf6 23. f4 Bd6 24. Rae1 Rc4 25. g3 Rhc8 26. b3 R4c6 27. Bd4+ e5
28. fxe5+ Kxg5 29. exd6 Rxd6 30. Bxg7 Rd7 31. Bd4 Rf8 32. Re5+ Kg4 33. h3+ Kxg3
34. Rg1+ Kh2 35. Reg5 Re7 36. R5g2+ Kxh3 37. Bc5 Rfe8 38. Bxe7 Rxe7 39. Rg3+ Kh2
40. R1g2+ Kh1 41. Rg7 Re4 42. R2g5 Re2+ 43. Kc1 Re1+ 44. Kb2 Re2+ 45. Ka3 1-0

[Event "Airthings Masters - Torneo Preliminare"]
[Site "Internet"]
[Date "03.02.2023"]
[Round "4"]
[White "Ibarra Jerez, Jose Carlos"]
[Black "Ghosh, Diptayan"]
[Result "0-1"]
[WhiteTitle ""]
[BlackTitle ""]
[WhiteElo "2563"]
[BlackElo "2553"]
[WhiteFideId "2226332"]
[BlackFideId "5045207"]
[EventDate "2023.02.03"]

1. e4 e5 2. Nf3 Nc6 3. Nc3 Nf6 4. h3 d6 5. d4 exd4 6. Nxd4 Be7 7. g4 O-O 8. Bg2
Re8 9. O-O Bf8 10. g5 Nd7 11. f4 Nxd4 12. Qxd4 c6 13. Kh2 Qb6 14. Qd3 Nc5 15.
Qg3 d5 16. f5 d4 17. Nd1 Nxe4 18. Qh4 Bd6+ 19. Kg1 Ng3 20. g6 hxg6 21. fxg6 fxg6
22. Nf2 Nxf1 23. Bxf1 Re1 24. Kg2 Be6 25. Bd3 Bd5+ 26. Ne4 Bb4 27. Kh2 Re8 28.
Ng3 Bd6 29. Bf4 Bxf4 30. Rxe1 Rxe1 31. Qxf4 Bf7 32. Ne4 Qd8 33. Qe5 Re3 34. Qf4
Bd5 35. Ng5 Qf8 36. Qh4 Qd6+ 37. Kg1 Qg3+ 0-1

[Event "Airthings Masters - Torneo Preliminare"]
[Site "Internet"]
[Date "03.02.2023"]
[Round "4"]
[White "Deviatkin, Andrei"]
[Black "Kaufman, Lawrence"]
[Result "1/2-1/2"]
[WhiteTitle ""]
[BlackTitle ""]
[WhiteElo "2442"]
[BlackElo "2188"]
[WhiteFideId "4121260"]
[BlackFideId "2000555"]
[EventDate "2023.02.03"]

1. d4 Nf6 2. Nf3 d5 3. Bf4 e6 4. e3 Bd6 5. c3 Bxf4 6. exf4 O-O 7. Bd3 b6 8. Nbd2
Ba6 9. Bxa6 Nxa6 10. Qe2 Nb8 11. Ne5 c5 12. O-O Qc7 13. Rac1 Nc6 14. a3 Rac8 15.
Qe3 Qe7 16. Ndf3 Ne4 17. Nxc6 Rxc6 18. c4 Rfc8 19. cxd5 exd5 20. Rcd1 c4 21. Ne5
R6c7 22. Rfe1 f6 23. f3 fxe5 24. fxe4 exd4 25. Qxd4 dxe4 26. Rxe4 Qc5 27. Qxc5
Rxc5 28. Rd7 R5c7 29. Ree7 Rxd7 30. Rxd7 a6 31. Ra7 a5 32. Rb7 c3 33. bxc3 Rxc3
34. Rxb6 Rxa3 35. Rb7 Ra2 36. Ra7 g6 37. h3 h5 38. g4 hxg4 39. hxg4 Ra4 40. Kg2
Rxf4 41. Rxa5 Rxg4+ 42. Kf3 Rg1 43. Kf2 Rg4 44. Kf3 Rg1 45. Kf2 Rg4 46. Kf3 1/2-1/2

[Event "Airthings Masters - Torneo Preliminare"]
[Site "Internet"]
[Date "03.02.2023"]
[Round "4"]
[White "Moiseenko, Alexander"]
[Black "Fedoseev, Vladimir3"]
[Result "1-0"]
[WhiteTitle ""]
[BlackTitle ""]
[WhiteElo "2577"]
[BlackElo "2674"]
[WhiteFideId "14102560"]
[BlackFideId "24130737"]
[EventDate "2023.02.03"]

1. d4 Nf6 2. Bg5 e6 3. e4 h6 4. Bxf6 Qxf6 5. c3 e5 6. Bc4 Nc6 7. Ne2 Qg6 8. O-O
Qxe4 9. Ng3 Qf4 10. Re1 d6 11. Na3 Bd7 12. Nb5 O-O-O 13. Re4 Qg5 14. d5 Ne7 15.
Nxa7+ Kb8 16. Bb5 f5 17. Rb4 Bxb5 18. Nxb5 c6 19. Qa4 Nxd5 20. Qa7+ Kc8 21.
Nxd6+ Kd7 22. Nf7 Bxb4 23. Nxg5 hxg5 24. cxb4 g6 25. Qxb7+ Ke6 26. Rc1 Ne7 27.
h3 Rb8 28. Qa7 Rxb4 29. b3 Rd8 30. Ne2 Re4 31. Nc3 Red4 32. a4 Rd2 33. a5 Rb2
34. Qb6 Rd6 35. a6 c5 36. Qxd6+ 1-0

[Event "Airthings Masters - Torneo Preliminare"]
[Site "Internet"]
[Date "03.02.2023"]
[Round "4"]
[White "Hammer, Jon Ludvig"]
[Black "Bortnyk, Olexandr"]
[Result "0-1"]
[WhiteTitle ""]
[BlackTitle ""]
[WhiteElo "2631"]
[BlackElo "2605"]
[WhiteFideId "1503707"]
[BlackFideId "14120828"]
[EventDate "2023.02.03"]

1. e4 Nf6 2. e5 Nd5 3. d4 d6 4. Nf3 dxe5 5. Nxe5 c6 6. Be2 Bf5 7. O-O Nd7 8. Bd3
Bxd3 9. Nxd3 g6 10. Nd2 Bg7 11. Nf3 O-O 12. c3 Qc7 13. Re1 b5 14. h4 h5 15. g3
Rfe8 16. Bf4 Nxf4 17. Nxf4 e5 18. dxe5 Nxe5 19. Nxe5 Bxe5 20. Re4 Rad8 21. Qe2
Re7 22. Re1 Rde8 23. Nd3 Bd6 24. Qf3 Rxe4 25. Rxe4 Rxe4 26. Qxe4 Qd7 27. Kg2 a6
28. c4 a5 29. b3 a4 30. c5 Be7 31. b4 Bf6 32. Kf3 Kg7 33. Ke3 Bc3 34. Ke2 a3 35.
Kf1 Kf6 36. Ke2 Qe6 37. Qxe6+ Kxe6 38. f3 Kd5 39. g4 Kc4 40. gxh5 gxh5 41. Nf4
Bxb4 42. Nxh5 Bxc5 43. Nf4 b4 44. Nd3 Bd4 45. Nc1 c5 46. h5 Bg7 47. Nb3 Kd5 48.
Na5 c4 49. Kd2 b3 50. axb3 c3+ 51. Kc2 a2 0-1

[Event "Airthings Masters - Torneo Preliminare"]
[Site "Internet"]
[Date "03.02.2023"]
[Round "4"]
[White "Gascon Del Nogal, Jose Rafael"]
[Black "Perez Ponsa, Federico"]
[Result "1/2-1/2"]
[WhiteTitle ""]
[BlackTitle ""]
[WhiteElo "2460"]
[BlackElo "2532"]
[WhiteFideId "3902463"]
[BlackFideId "117927"]
[EventDate "2023.02.03"]

1. e4 c5 2. Nf3 d6 3. Bb5+ Nd7 4. O-O a6 5. Bd3 Ngf6 6. c3 b5 7. Bc2 c4 8. b3
Qc7 9. a4 Rb8 10. Re1 g6 11. axb5 axb5 12. Na3 Bg7 13. Qe2 cxb3 14. Bxb3 Nc5 15.
Nxb5 Qb6 16. Bc4 Ncxe4 17. d3 d5 18. Be3 Qd8 19. Bf4 Rb7 20. Nc7+ Rxc7 21. Bxc7
Qxc7 22. Bb5+ Kf8 23. dxe4 Nxe4 24. Ra8 Bf6 25. c4 Kg7 26. cxd5 Nc3 27. Qc4 Nxb5
28. Qxb5 Bd7 29. Qa5 Qxa5 30. Rxa5 Bc3 31. Rxe7 Bxa5 32. Rxd7 Rd8 33. Rxd8 Bxd8
34. Kf1 Kf6 35. Ke2 Bb6 36. h4 h6 37. g4 h5 38. gxh5 gxh5 39. Nd2 Bd8 40. Ne4+
Ke5 41. Ng3 Bxh4 42. Nxh5 Kxd5 43. Kf3 Bxf2 44. Kxf2 f6 45. Nxf6+ 1/2-1/2

[Event "Airthings Masters - Torneo Preliminare"]
[Site "Internet"]
[Date "03.02.2023"]
[Round "4"]
[White "Mamedov, Rauf"]
[Black "Sjugirov, Sanan"]
[Result "1-0"]
[WhiteTitle ""]
[BlackTitle ""]
[WhiteElo "2646"]
[BlackElo "2712"]
[WhiteFideId "13401653"]
[BlackFideId "4189302"]
[EventDate "2023.02.03"]

1. e4 e5 2. Nf3 Nc6 3. Bb5 a6 4. Ba4 Nf6 5. Nc3 Bc5 6. d3 d6 7. Bg5 h6 8. Bh4
Bd7 9. a3 g5 10. Bg3 Ba7 11. Bb3 Bg4 12. h3 Bh5 13. h4 Bxf3 14. Qxf3 Nd4 15. Qd1
Nxb3 16. cxb3 g4 17. h5 Qd7 18. Rc1 c6 19. b4 Qe6 20. Qd2 d5 21. exd5 Nxd5 22.
Nxd5 Qxd5 23. Qe2 Bd4 24. O-O f5 25. Bxe5 Qxe5 26. Qxe5+ Bxe5 27. Rfe1 O-O 28.
Rxe5 Rad8 29. Rce1 Rxd3 30. Re6 Rfd8 31. R1e5 R8d5 32. Rg6+ Kf7 33. Ree6 f4 34.
Rgf6+ Kg7 35. Rxf4 Rxh5 36. g3 Rd1+ 37. Kg2 Rg5 38. Re7+ Kg6 39. Rfe4 Rd2 40.
R4e6+ Kh5 41. Rf6 Rxb2 42. Ree6 Rg7 43. Rf4 Rb3 44. a4 Ra3 45. a5 Rb3 46. Re1
Rd3 47. Re5+ Rg5 48. Re7 Rb5 49. Rg7 Rd6 50. Rfxg4 1-0

[Event "Airthings Masters - Torneo Preliminare"]
[Site "Internet"]
[Date "03.02.2023"]
[Round "4"]
[White "Durarbayli, Vasif"]
[Black "Nguyen, Ngoc Truong Son"]
[Result "1-0"]
[WhiteTitle ""]
[BlackTitle ""]
[WhiteElo "2635"]
[BlackElo "2645"]
[WhiteFideId "13402935"]
[BlackFideId "12401110"]
[EventDate "2023.02.03"]

1. e4 e5 2. Nf3 Nc6 3. Bb5 Nf6 4. d3 Bc5 5. c3 O-O 6. O-O d6 7. Bg5 h6 8. Bh4
Ne7 9. d4 Bb6 10. Bxf6 gxf6 11. Nh4 Ng6 12. Nf5 Bxf5 13. exf5 Ne7 14. Qh5 Kh7
15. Nd2 d5 16. Rae1 Qd6 17. dxe5 fxe5 18. f6 Ng6 19. Nf3 Qxf6 20. Nxe5 Qg5 21.
Qxg5 hxg5 22. Bd3 Kg7 23. Nxg6 fxg6 24. Re5 c6 25. Rxg5 Rf6 26. Kh1 Re8 27. g3
Bxf2 28. Bxg6 Re1 29. Bd3+ Kf7 30. Rxe1 Bxe1 31. Re5 Re6 32. Rxe6 Kxe6 33. Kg2
Bd2 34. Kf3 b5 35. Ke2 Bc1 36. b3 Bg5 37. Bg6 c5 38. h4 Bf6 39. c4 dxc4 40. bxc4
b4 41. Bc2 a5 42. Kf3 Ke5 43. Kg4 Be7 44. Kh5 Kd4 45. Bb3 a4 46. Bxa4 Kxc4 47.
Kg6 Bd6 48. g4 Kd3 49. h5 1-0

[Event "Airthings Masters - Torneo Preliminare"]
[Site "Internet"]
[Date "03.02.2023"]
[Round "4"]
[White "Bluebaum, Matthias"]
[Black "Svidler, Peter"]
[Result "1-0"]
[WhiteTitle ""]
[BlackTitle ""]
[WhiteElo "2663"]
[BlackElo "2683"]
[WhiteFideId "24651516"]
[BlackFideId "4102142"]
[EventDate "2023.02.03"]

1. d4 d6 2. Nf3 Bg4 3. e4 Nf6 4. Nc3 e6 5. h3 Bh5 6. Qe2 c6 7. g4 Bg6 8. h4 h5
9. g5 Nfd7 10. Bh3 Be7 11. d5 cxd5 12. exd5 e5 13. Be3 O-O 14. Nd2 Na6 15. Nde4
Qa5 16. f3 Nb6 17. Rd1 Nb4 18. Bxb6 axb6 19. a3 Na2 20. O-O Nxc3 21. Nxc3 Qc5+
22. Kg2 Rxa3 23. bxa3 Qxc3 24. f4 exf4 25. Rxf4 Bd8 26. Bf5 Bxf5 27. Rxf5 g6 28.
Rf3 Qc7 29. Rdf1 Qd7 30. Rf4 b5 31. Qe3 Re8 32. Qf3 Re7 33. Re4 Rxe4 34. Qxe4
Bb6 35. Re1 Kg7 36. Qf4 Kg8 37. c3 Bc5 38. Re4 Bxa3 39. Qf6 b4 40. cxb4 Qa4 41.
Rf4 Qc2+ 42. Rf2 Qe4+ 43. Qf3 Qxf3+ 44. Rxf3 Bxb4 45. Rb3 Be1 46. Kh3 f6 47.
gxf6 Kf7 48. Rb6 Bc3 49. Rxd6 b5 50. Rc6 b4 51. Rb6 Bxf6 52. Rb7+ Ke8 53. Rxb4
g5 54. hxg5 Bxg5 55. Rb7 Be7 56. Kg3 h4+ 57. Kg4 Kd8 58. Kf5 h3 59. Rb8+ Kd7 60.
Rh8 Kd6 61. Ke4 Kd7 62. Rxh3 Bd6 63. Rh7+ Kd8 64. Kf5 1-0

[Event "Airthings Masters - Torneo Preliminare"]
[Site "Internet"]
[Date "03.02.2023"]
[Round "4"]
[White "Kozak, Adam"]
[Black "Pranav, Anand"]
[Result "1-0"]
[WhiteTitle ""]
[BlackTitle ""]
[WhiteElo "2564"]
[BlackElo "2525"]
[WhiteFideId "753246"]
[BlackFideId "46626786"]
[EventDate "2023.02.03"]

1. c4 e6 2. Nc3 d5 3. d4 c6 4. e3 Nf6 5. Nf3 Nbd7 6. Qc2 Bd6 7. b3 O-O 8. Be2 b6
9. O-O Bb7 10. Bb2 Qe7 11. Rad1 Rad8 12. Rfe1 Rfe8 13. g3 c5 14. cxd5 exd5 15.
Bf1 Qe6 16. Bg2 Ne4 17. dxc5 Bxc5 18. Nd4 Qg6 19. Ndb5 Ndf6 20. Nc7 Rf8 21.
N7xd5 Nxd5 22. Bxe4 Qh5 23. Nxd5 Rxd5 24. Qc3 f6 25. Qc4 Rd8 26. b4 Bf8 27. Rd4
b5 28. Bxd5+ Rxd5 29. Qb3 Kh8 30. Qd1 Qf7 31. Rxd5 Bxd5 32. a3 Qb7 33. Qd4 Be4
34. Qd8 Kg8 35. Bd4 Kf7 36. Bc5 Bxc5 37. bxc5 Bh1 38. e4 Bxe4 39. f3 Bc6 40. Qd6
Bxf3 41. Qe6+ Kg6 42. Qe8+ Kh6 43. Qe7 Qd5 44. Qd6 Qb3 45. Qd2+ Kg6 46. Re3 Qb1+
47. Kf2 Be4 48. Qe1 Qxe1+ 49. Rxe1 Bd5 50. Rd1 Be4 51. Rd4 Bh1 52. Rd6 Kf7 53.
c6 Ke7 54. c7 1-0

[Event "Airthings Masters - Torneo Preliminare"]
[Site "Internet"]
[Date "03.02.2023"]
[Round "4"]
[White "Matlakov, Maxim"]
[Black "Sarana, Alexey"]
[Result "1/2-1/2"]
[WhiteTitle ""]
[BlackTitle ""]
[WhiteElo "2662"]
[BlackElo "2668"]
[WhiteFideId "4168003"]
[BlackFideId "24133795"]
[EventDate "2023.02.03"]

1. d4 Nf6 2. c4 e6 3. g3 d5 4. Bg2 Bb4+ 5. Bd2 Be7 6. Nf3 c6 7. O-O Nbd7 8. Qc2
O-O 9. Bf4 h6 10. Rd1 a5 11. Ne5 Nh5 12. Bc1 Nhf6 13. Nc3 Nxe5 14. dxe5 Ng4 15.
cxd5 cxd5 16. e4 Bc5 17. Rd2 d4 18. Na4 Ba7 19. b3 b5 20. Nc5 Nxe5 21. Bb2 Qe7
22. Rc1 Bb7 23. Bxd4 Rac8 24. Bxe5 Rxc5 25. Qb2 Rxc1+ 26. Qxc1 Rc8 27. Qd1 Bc6
28. h4 b4 29. Qg4 f6 30. Bf4 Kh7 31. h5 Qf7 32. Rd6 Be8 33. Qxe6 Rc2 34. Qf5+
Kh8 35. Rd2 Rxd2 36. Bxd2 Qxh5 37. Qc8 Qd1+ 38. Kh2 Qxd2 39. Qxe8+ Kh7 40. f4
Bf2 41. Qh5 g6 42. Qf3 Bd4 43. e5 fxe5 44. Qb7+ Kh8 45. Qc8+ Kg7 46. Qd7+ Kf6
47. Qd6+ Kf5 48. Qd7+ Kf6 49. Qd6+ Kf5 50. Qd7+ Kf6 1/2-1/2

[Event "Airthings Masters - Torneo Preliminare"]
[Site "Internet"]
[Date "03.02.2023"]
[Round "4"]
[White "Radjabov, Teimour"]
[Black "Blomqvist, Erik"]
[Result "1/2-1/2"]
[WhiteTitle ""]
[BlackTitle ""]
[WhiteElo "2747"]
[BlackElo "2510"]
[WhiteFideId "13400924"]
[BlackFideId "1709437"]
[EventDate "2023.02.03"]

1. Nf3 d5 2. d4 Nf6 3. c4 dxc4 4. Nc3 a6 5. a4 e6 6. e4 Bb4 7. e5 Nd5 8. Bd2 b5
9. axb5 Nb6 10. bxa6 Nxa6 11. Be2 Bb7 12. O-O O-O 13. Qc2 h6 14. Rfd1 Be7 15.
Na4 Bd5 16. Nc3 Nb4 17. Rxa8 Qxa8 18. Qb1 Bb7 19. b3 cxb3 20. Qxb3 c5 21. dxc5
Bxc5 22. Be1 N4d5 23. Nxd5 Nxd5 24. Rb1 Bc6 25. Qc4 Bb6 26. Kf1 Rc8 27. Qa6 Qxa6
28. Bxa6 Ra8 29. Bb5 Bxb5+ 30. Rxb5 Ra2 31. h4 Kh7 32. h5 g6 33. hxg6+ Kxg6 34.
Bd2 Kf5 35. Rb3 h5 36. Be1 Ra1 37. g3 Ba5 38. Ke2 Bxe1 39. Nxe1 Kxe5 40. Nf3+
Kf5 41. Nd4+ Ke4 42. Nf3 Ra2+ 43. Kf1 f6 44. Kg2 e5 45. Nh4 f5 46. Nf3 f4 47.
gxf4 Kxf4 48. Ng1 Kf5 49. Nh3 Nf4+ 50. Nxf4 Kxf4 51. Rf3+ Kg4 52. Rg3+ Kf5 53.
Rf3+ Kg4 54. Rg3+ Kf4 55. Rf3+ Kg4 1/2-1/2

[Event "Airthings Masters - Torneo Preliminare"]
[Site "Internet"]
[Date "03.02.2023"]
[Round "4"]
[White "Yoo, Christopher Woojin"]
[Black "Harsha, Bharathakoti"]
[Result "1-0"]
[WhiteTitle ""]
[BlackTitle ""]
[WhiteElo "2589"]
[BlackElo "2599"]
[WhiteFideId "30909694"]
[BlackFideId "5078776"]
[EventDate "2023.02.03"]

1. Nf3 d5 2. c4 e6 3. g3 Nf6 4. Bg2 d4 5. O-O c5 6. e3 Nc6 7. exd4 cxd4 8. d3
Bd6 9. a3 a5 10. Bg5 h6 11. Bxf6 Qxf6 12. Nbd2 Qe7 13. Ne4 Bc7 14. Rc1 O-O 15.
c5 f5 16. Ned2 e5 17. Re1 a4 18. Rc4 Be6 19. Rxa4 Qxc5 20. Rxa8 Rxa8 21. Qb1 Qb5
22. Rc1 Bd8 23. h4 Bf6 24. Nh2 Kh8 25. Nc4 Rd8 26. b3 Ne7 27. Nf3 Nd5 28. a4 Qb4
29. Ncxe5 Nc3 30. Qb2 Nxa4 31. Qe2 Bxb3 32. Rc7 Nc3 33. Qb2 Qd6 34. Qxb3 Qxc7
35. Nf7+ Kh7 36. Nxd8 Qxd8 37. Qxb7 Qd6 38. Qc8 g6 39. h5 gxh5 40. Qxf5+ Kg7 41.
Qxh5 Qe6 42. Bh3 Qe2 43. Bf5 Kf8 44. Qxh6+ Ke7 45. Qh7+ Kf8 46. Bg4 Nd1 47. Qh6+
Ke7 48. Qd2 Qxd2 49. Nxd2 Nb2 50. Be2 Bg7 51. f4 Kd6 52. Kf2 Kc5 53. Ne4+ Kd5
54. g4 Bf8 55. g5 Na4 56. Bf3 Ke6 57. Bg4+ Kd5 58. Nf6+ Kd6 59. g6 Nc5 60. Ke2
Ke7 61. Ng8+ Kd6 62. f5 Nd7 63. f6 1-0

[Event "Airthings Masters - Torneo Preliminare"]
[Site "Internet"]
[Date "03.02.2023"]
[Round "4"]
[White "Kevlishvili, Robby"]
[Black "Lenderman, Aleksandr"]
[Result "0-1"]
[WhiteTitle ""]
[BlackTitle ""]
[WhiteElo "2537"]
[BlackElo "2572"]
[WhiteFideId "1040634"]
[BlackFideId "2021285"]
[EventDate "2023.02.03"]

1. e4 e5 2. Nf3 Nf6 3. Nc3 Nc6 4. a3 Be7 5. d4 exd4 6. Nxd4 O-O 7. Nxc6 dxc6 8.
Qxd8 Rxd8 9. Bd3 Nd7 10. Be3 Nc5 11. Be2 Ne6 12. Rd1 Rxd1+ 13. Kxd1 Bf6 14. Kc1
Nd4 15. Rd1 Nxe2+ 16. Nxe2 Be6 17. Nd4 Bxd4 18. Bxd4 f6 19. Be3 Kf7 20. f4 Re8
21. Bf2 b6 22. b4 g6 23. h3 f5 24. e5 Bd5 25. Bh4 Ke6 26. Rd2 Ra8 27. Kb2 a5 28.
bxa5 Rxa5 29. c4 Bxc4 30. Rd8 c5 31. Re8+ Kd5 32. e6 Bb5 33. Re7 h5 34. Rxc7
Kxe6 35. Rb7 Bc6 36. Rxb6 Kd5 37. Be1 Ra4 38. g3 h4 39. Rb3 Re4 40. Rd3+ Kc4 41.
Rc3+ Kb5 42. Bf2 c4 43. gxh4 Rxf4 44. Be1 Re4 45. Rc1 Re2+ 46. Kc3 Re3+ 47. Kd4
Rd3+ 48. Ke5 Rxa3 49. Bc3 Be4 50. Kf6 Ra6+ 51. Kg5 Rd6 52. Bf6 Rd3 53. Kxg6 Rg3+
54. Kf7 Rxh3 55. Ke6 Kb4 56. Ke5 c3 57. Kf4 c2 58. Bg5 Kb3 59. Ke5 Kb2 60. Rg1
Rd3 61. h5 Rd1 62. Rg3 Rh1 63. Kf6 Rxh5 64. Rg1 Rxg5 0-1

[Event "Airthings Masters - Torneo Preliminare"]
[Site "Internet"]
[Date "03.02.2023"]
[Round "4"]
[White "Alekseenko, Kirill"]
[Black "Dreev, Aleksey"]
[Result "1/2-1/2"]
[WhiteTitle ""]
[BlackTitle ""]
[WhiteElo "2686"]
[BlackElo "2606"]
[WhiteFideId "4135539"]
[BlackFideId "4100107"]
[EventDate "2023.02.03"]

1. d4 d5 2. Nc3 Nf6 3. Bf4 g6 4. e3 Bg7 5. Nb5 Na6 6. h3 O-O 7. Nf3 Ne4 8. c3 c6
9. Na3 Nc7 10. Be2 Ne6 11. Bh2 N6g5 12. h4 Nxf3+ 13. gxf3 Nf6 14. Be5 Nh5 15.
Bxg7 Nxg7 16. Nb1 Qb6 17. Qb3 c5 18. Nd2 cxd4 19. Qxb6 axb6 20. cxd4 Bf5 21. Bd1
Bd3 22. Nb3 Rfc8 23. Kd2 Bf5 24. Nc1 b5 25. Bb3 e6 26. Re1 Ne8 27. e4 dxe4 28.
fxe4 Bg4 29. Ke3 Nd6 30. f3 Bh5 31. Ne2 b4 32. Ng3 b5 33. Kf4 Nc4 34. Nxh5 gxh5
35. Rg1+ Kf8 36. Rg5 Nxb2 37. Rag1 Nd3+ 38. Ke3 Nc1 39. Rg8+ Ke7 40. Rxc8 Rxc8
41. Rg5 Rc3+ 42. Kf2 Nxb3 43. axb3 Rxb3 44. Rxb5 Rb2+ 45. Kg3 b3 46. Rb7+ Kf6
47. Kf4 Rb1 48. d5 exd5 49. exd5 b2 50. Rb6+ Ke7 51. Kf5 Kd7 52. d6 Rf1 53. Rxb2
Rxf3+ 54. Kg5 Kxd6 55. Re2 Rg3+ 56. Kxh5 Rg6 57. Rd2+ Ke7 58. Rd7+ Ke6 59. Rxf7
Kxf7 1/2-1/2

[Event "Airthings Masters - Torneo Preliminare"]
[Site "Internet"]
[Date "03.02.2023"]
[Round "4"]
[White "Lobanov, Sergei"]
[Black "Dominguez Perez, Leinier"]
[Result "1/2-1/2"]
[WhiteTitle ""]
[BlackTitle ""]
[WhiteElo "2545"]
[BlackElo "2743"]
[WhiteFideId "24183750"]
[BlackFideId "3503240"]
[EventDate "2023.02.03"]

1. e4 c5 2. Nf3 d6 3. d4 cxd4 4. Nxd4 Nf6 5. Nc3 a6 6. f3 e5 7. Nb3 Be6 8. Be3
h5 9. Nd5 Bxd5 10. exd5 Nbd7 11. Qd2 g6 12. O-O-O Bg7 13. Kb1 Rc8 14. Na5 Qc7
15. c4 O-O 16. Be2 Nc5 17. h3 h4 18. Qb4 Nh5 19. Rhe1 Rfe8 20. a3 Ng3 21. Bd3
Bf6 22. Bc2 Rb8 23. Qc3 Nh5 24. Ka2 e4 25. Bd4 Bxd4 26. Rxd4 exf3 27. gxf3 Rxe1
28. Qxe1 Nd7 29. Rxh4 Ne5 30. Bd1 Ng7 31. Re4 b6 32. f4 Nd3 33. Qe3 Nxb2 34.
Kxb2 bxa5+ 35. Ka2 Qb7 36. Qb3 Qa7 37. Qe3 Qb7 38. Qb3 Qc8 39. Qe3 Nf5 40. Qe2
Qd8 41. Ba4 Kg7 42. Re8 Qb6 43. Rxb8 Qxb8 44. Qb2+ Qxb2+ 45. Kxb2 Kf6 46. Bd1
Ke7 47. Kb3 Ne3 48. Be2 Ng2 49. Ka4 Nxf4 50. Bf1 Kd7 51. Kxa5 Kc7 52. Kxa6 g5
53. a4 f5 54. a5 g4 55. hxg4 fxg4 56. Kb5 g3 57. a6 g2 58. Bxg2 Nxg2 59. c5 Ne3
60. cxd6+ Kxd6 61. Kb6 Nxd5+ 62. Kb7 Nc7 63. a7 Kd7 64. a8=Q Nxa8 1/2-1/2